Conversación en la catedral
Salvato in:
| Autore principale: | |
|---|---|
| Natura: | Libro |
| Lingua: | spagnolo |
| Pubblicazione: |
Madrid
Suma de Letras
2001
|
| Serie: | Colección Punto de Lectura, 3
|
| Soggetti: | |
| Tags: |
Aggiungi Tag
Nessun Tag, puoi essere il primo ad aggiungerne!!
|
MARC
| LEADER | 00000nam a2200000 a 4500 | ||
|---|---|---|---|
| 001 | UCM7574 | ||
| 003 | CL-VaPUC | ||
| 008 | 021227e20010000SP |||||||||||||||||spa|d | ||
| 020 | |a 8466304568 | ||
| 082 | 0 | 4 | |a Pe863 |b VAR |2 21 |
| 100 | 0 | |a Vargas Llosa, Mario |e author |9 318800 | |
| 245 | 1 | 0 | |a Conversación en la catedral |
| 300 | |a 755 p | ||
| 942 | |c BK | ||
| 945 | |d 20021227 00:00:00 |a vberengu | ||
| 260 | |a Madrid |b Suma de Letras |c 2001 | ||
| 650 | 7 | |a NOVELAS PERUANAS |2 CL-VaPUC |9 473232 | |
| 650 | 0 | |a Literatura peruana |9 257452 | |
| 583 | |a last modification |c 20021227 00:00:00 |k Rodrigo Vera | ||
| 490 | 0 | |a Colección Punto de Lectura, 3 | |
| 999 | |c 302333 |d 302331 | ||
| 952 | |0 0 |1 0 |4 0 |6 PE_863_000000000000000_VAR_2001 |7 0 |8 R |9 362782 |a BIBEDU |b BIBEDU |c MCIRC |d 2019-11-21 |i 387284K |o Pe863 VAR 2001 |p 387284K |r 2023-01-13 |w 2019-11-21 |y BK_R |k LIT | ||
| 952 | |0 0 |1 0 |4 0 |6 PE_863_000000000000000_VAR_2001 |7 0 |8 R |9 362783 |a BIBEDU |b BIBEDU |c MCIRC |d 2019-11-21 |i 3934705 |o Pe863 VAR 2001 |p 3934705 |r 2023-01-13 |w 2019-11-21 |y BK_R |k LIT | ||